Využitie finančných zdrojov Európskej únie na rozvoj poľnohospodárstva diplomová práca

Salvato in:
Dettagli Bibliografici
Autore principale: Ščecinová, Valéria
Ente Autore: Podnikovohospodárska fakulta EU so sídlom v Košiciach. Katedra ekonómie
Altri autori: Stričík, Michal, 1969-
Natura: Libro
Lingua:slovacco
Pubblicazione: Košice 2008
Tags: Aggiungi Tag
Nessun Tag, puoi essere il primo ad aggiungerne!!

MARC

LEADER 00000nam$a2200000$$$4500
001 0087711
005 20240827093238.6
041 0 |a slo 
044 |a SK 
245 1 0 |a Využitie finančných zdrojov Európskej únie na rozvoj poľnohospodárstva  |b diplomová práca  |c Valéria Ščecinová ; škol. Michal Stričík 
264 1 |a Košice  |c 2008 
300 |a CD-ROM 
100 1 |a Ščecinová, Valéria 
700 1 |a Stričík, Michal, 1969- 
710 2 |a Podnikovohospodárska fakulta EU so sídlom v Košiciach. Katedra ekonómie